Vocabulaire forestier - Statistiques

Statistiques générales
  • Ce quiz a été pris 33 fois
  • Le résultat moyen est 10 sur 19
Statistiques - réponses
Hint Réponse % Correct
Arbres produisant de la résine (pins, sapins, épicéas) Résineux
73%
Droit d’usage permettant aux habitants de prélever du bois dans une forêt communale Affouage
67%
Gestion visant à équilibrer forêt et gibier Équilibre sylvo-cynégénétique
67%
Arbres à feuilles caduques ou persistantes (chênes, hêtres, bouleaux, etc.) Feuillus
67%
Maladie du frêne causée par un champignon invasif Chalarose
60%
Bord de forêt structuré en plusieurs strates végétales Lisière étagée
60%
Peuplement avec arbres de tous âges et tailles mélangés Futaie irrégulière
53%
Peuplement avec arbres du même âge et de taille homogène Futaie régulière
53%
Destruction volontaire d’un anneau d’écorce pour faire mourir une branche Annelage
47%
Bandes tracées en forêt pour limiter les passages et protéger les sols Cloisonnement sylvicole
47%
Coupe partielle visant à réduire la densité et favoriser la croissance des meilleurs arbres Éclaircie
47%
Tronc d’arbre abattu, ébranché et non encore scié Grume
47%
Partie supérieure d’un arbre, ensemble des branches et feuillage Houppier
47%
Zone laissée en vieillissement naturel pour favoriser la biodiversité Îlot de sénescence
47%
Transport des bois coupés jusqu’à un lieu de dépôt ou de chargement Débardage
40%
Peuplement issu de semis ou plantations, arbres sur pied par leur tige principale Futaie
40%
Ensemble d’arbres d’une même essence ou mixte sur une surface donnée Peuplement
33%
Bois fragmenté utilisé comme combustible Plaquettes forestières
33%
Peuplement issu de rejets de souches, avec rotation courte Taillis
33%
Aucun quiz correspondant
Distribution des résultats
% des personnes avec chaque résultat
Percentile par nombre de réponses
Votre historique - résultats
Vous n’avez pas pris ce quiz